| 000 | 00552 a2200145 4500 | ||
|---|---|---|---|
| 040 | _aDLC | ||
| 082 | _aBIT-3 | ||
| 100 |
_aQaisar Sardar. _992369 |
||
| 245 |
_aDesign and implementation of BDI based model of sage agents / _cQaisar Sardar. |
||
| 260 |
_aIslamabad : _bNUST School of Electrical Engineering & Computer Science, _c2005. |
||
| 300 |
_ax, 50 p. : _bill. ; _c27 cm. + _eCD-ROM. |
||
| 500 | _aSupervisors : Dr. Hafiz Farooq Ahmad, Mr. Kashif Sharif. | ||
| 856 | _uhttp://10.250.8.41:8080/xmlui/handle/123456789/28877 | ||
| 942 |
_cPR _kBIT-3 QAI _2ddc |
||
| 999 |
_c9070 _d9070 |
||